000 01177cam a2200361 i 4500
001 4179
003 KOSZ 005
005 20211206090456.0
008 970903s1990 pl a f f |001 0 pol
015 _aPB 1990/5547
020 _a8320412242
040 _aWA N
_cWA N
_dKOSZ 005/HR
046 _k1990
080 _a004.4'42
080 _a(075.8)
100 1 _aWróbel, Eugeniusz
_d(1951-2010)
_eAutor
245 1 0 _aASEMBLER 8086/88 /
_cEugeniusz Wróbel.
260 _aWarszawa :
_bWydawnictwa Naukowo-Techniczne,
_c1990.
300 _a279, [1] s. :
_brys. ;
_c24 cm.
380 _aKsiążki
388 _a1901-2000
388 _a1989-2000
490 1 _aMikrokomputery.
504 _aBibliogr. s. 273. - Indeks.
650 4 _aProgramowanie (informatyka)
650 4 _aAsemblery
655 4 _aPodręczniki akademickie
658 _aInformatyka i technologie informacyjne
710 2 _aWydawnictwa Naukowo-Techniczne
_4pbl.
830 0 _aMikrokomputery (Wydawnictwa Naukowo-Techniczne)
856 _uhttp://koha.tu.koszalin.pl/cgi-bin/koha/opac-detail.pl?biblionumber=4179
_yKatalog online BPK
942 _2UKD
_cKS
999 _c4179
_d4179